Acondicionamientos: arquitectura y técnica

Guardat en:
Dades bibliogràfiques
Autor principal: D'Alencon Castrillón, Renato (Autor)
Format: Llibre
Idioma:espanyol
Publicat: Santiago Pontificia Universidad Católica de Chile 2008
Edició:1a. ed
Col·lecció:Serie Arquitectura y Técnica, 2
Matèries:
Etiquetes: Afegir etiqueta
Sense etiquetes, Sigues el primer a etiquetar aquest registre!

MARC

LEADER 00000nam a2200000 a 4500
001 UCH2866
003 CL-VaPUC
008 090702e20080000CL |||||||||||||||||spa|d
020 |a 9789561410275 
082 0 4 |a 720.47  |b DAL  |2 21 
100 0 |a D'Alencon Castrillón, Renato  |e author  |9 537924 
245 1 0 |a Acondicionamientos: arquitectura y técnica 
250 |a 1a. ed 
300 |a 219 p 
942 |c BK 
945 |d 20090702 00:00:00  |a cmena 
260 |a Santiago  |b Pontificia Universidad Católica de Chile  |c 2008 
650 0 |a Diseño arquitectónico   |9 265271 
650 0 |a Desarrollo sustentable  |9 333905 
650 0 |a Impacto ambiental  |9 262796 
650 0 |a Protección del medio ambiente  |9 257626 
650 7 |a USO DE LA ENERGIA  |2 CL-VaPUC  |9 537925 
583 |a last modification  |c 20130608 06:14:07  |k Rodrigo Vera 
490 0 |a Serie Arquitectura y Técnica, 2 
999 |c 334536  |d 334534 
952 |0 0  |1 0  |4 0  |6 720_470000000000000_DAL_2008  |7 0  |8 A  |9 423634  |a BIBARQ  |b BIBARQ  |d 2019-11-22  |i 4570839  |o 720.47 DAL 2008  |p 4570839  |r 2025-01-20  |w 2019-11-22  |y BK  |k ARQ